[Event "51st World Juniors"]
[Site "Athens GRE"]
[Date "2012.08.06"]
[Round "5.58"]
[White "Capone, Nicola"]
[Black "Zeppos, Panagiotis"]
[Result "1/2-1/2"]
[WhiteElo "2120"]
[BlackElo "1978"]
[WhiteFideId "224715"]
[BlackFideId "4228383"]
[EventDate "2012.08.02"]

1. e4 c5 2. Nf3 d6 3. d4 cxd4 4. Nxd4 Nf6 5. f3 e5 6. Nb3 Be6 7. c4 a5 8. Be3 a4
9. N3d2 Nbd7 10. Nc3 Qa5 11. Qc2 Be7 12. Be2 O-O 13. O-O Bd8 14. b4 Qxb4 15.
Rab1 Qa5 16. Rb5 Qa6 17. Rfb1 b6 18. c5 bxc5 19. Rxc5 Qa7 20. Nb5 Qa5 21. Rc6 d5
22. Kh1 d4 23. Nc4 Bxc4 24. Bd2 Bxe2 25. Bxa5 Bxb5 26. Rxb5 Bxa5 27. Qxa4 Bc3
28. Qc4 h6 29. Kg1 Kh7 30. a4 Bd2 31. Kf1 g6 32. Ke2 Bc3 33. Rb7 Kg7 34. Rcc7
Rad8 35. Kd3 Ba5 36. Rc6 Rb8 37. Rb5 Ra8 38. g3 Bc3 39. Rb7 Rfb8 40. Rb5 Rd8 41.
Kc2 Ba5 42. Kd3 Bc3 43. Ke2 Ba5 44. Rb7 Rab8 45. Rb5 Ra8 46. Qb3 Bc3 47. Kd3 Ra7
48. Rb7 Ra5 49. Qa3 Rda8 50. Qe7 Re8 51. Qa3 Rea8 52. Qe7 Re8 53. Qa3 Rea8 54.
Qb3 R8a7 55. Rxa7 1/2-1/2

[Event "51st World Juniors"]
[Site "Athens GRE"]
[Date "2012.08.06"]
[Round "5.59"]
[White "Kourkoulos-Arditis, Stamatis"]
[Black "Papasimakopoulos, Vasilios"]
[Result "1-0"]
[WhiteElo "2109"]
[BlackElo "1820"]
[WhiteFideId "4221990"]
[BlackFideId "4244141"]
[EventDate "2012.08.02"]

1. e4 e6 2. d4 d5 3. Nc3 Bb4 4. e5 Ne7 5. a3 Bxc3+ 6. bxc3 c5 7. Nf3 Qa5 8. Bd2
Nbc6 9. a4 c4 10. g3 Bd7 11. Bg2 f6 12. exf6 gxf6 13. O-O O-O-O 14. Re1 Ng6 15.
Qc1 Rde8 16. Qa3 e5 17. dxe5 fxe5 18. Rab1 Nd8 19. h4 h5 20. Ng5 e4 21. Qd6 Rhg8
22. Rb5 Qxa4 23. Rc5+ Nc6 24. Rxd5 Nge5 25. Bxe4 Rg7 26. Bf4 Rge7 27. Bg6 Be6
28. Bxe5 Rd8 29. Qxe7 Nxe7 30. Rxd8+ Kxd8 31. Nxe6+ Kc8 32. Rd1 b6 33. Be4 Qe8
34. Rd8+ Qxd8 35. Nxd8 Kxd8 36. Bf6 Kd7 37. Bxe7 Kxe7 38. Kf1 Kd6 39. Ke1 a5 40.
Kd1 a4 41. Kc1 1-0

[Event "51st World Juniors"]
[Site "Athens GRE"]
[Date "2012.08.06"]
[Round "5.60"]
[White "Vandevenne, Sander"]
[Black "Kalofonos, Panayotis"]
[Result "1/2-1/2"]
[WhiteElo "2083"]
[BlackElo "1806"]
[WhiteFideId "223000"]
[BlackFideId "4233824"]
[EventDate "2012.08.02"]

1. e4 d5 2. exd5 Qxd5 3. d4 e5 4. dxe5 Qxe5+ 5. Qe2 Qxe2+ 6. Bxe2 Bf5 7. c3 Bd6
8. Nf3 Nc6 9. O-O Nge7 10. Nbd2 Bf4 11. g3 Bh6 12. Nc4 Bxc1 13. Raxc1 O-O 14.
Ne3 Be6 15. Bc4 Bxc4 16. Nxc4 Rad8 17. Rcd1 g6 18. a4 Kg7 19. Kg2 Rfe8 20. Ne3
Kf6 21. Ng4+ Kg7 22. Ne3 Kf6 23. Ng4+ Kg7 24. Ne3 Kf6 1/2-1/2

[Event "51st World Juniors"]
[Site "Athens GRE"]
[Date "2012.08.06"]
[Round "5.61"]
[White "Jefic, Srdjan"]
[Black "Papasimakopoulos, Alexandros"]
[Result "0-1"]
[WhiteElo "2165"]
[BlackElo "2126"]
[WhiteFideId "14403080"]
[BlackFideId "4244125"]
[EventDate "2012.08.02"]

1. e4 e6 2. d4 d5 3. Nc3 Bb4 4. e5 Ne7 5. a3 Bxc3+ 6. bxc3 c5 7. Qg4 cxd4 8.
Qxg7 Rg8 9. Qxh7 Qc7 10. Ne2 Nbc6 11. f4 dxc3 12. Qd3 Nf5 13. Nxc3 Ncd4 14. Rg1
Bd7 15. g4 Rc8 16. Bb2 Ne3 17. Rc1 Nf3+ 18. Kf2 Nxf1 19. Kxf3 Nxh2+ 20. Ke2 Qc4
21. Rg2 Qxf4 22. Nb5 Bxb5 23. Qxb5+ Rc6 24. Qd3 Rxg4 25. Rf2 Qe4+ 26. Kd2 Rg2
27. Qxe4 Rxf2+ 28. Ke3 dxe4 29. Kxf2 Ng4+ 30. Ke2 Rc5 31. Bd4 Ra5 32. Rg1 Nxe5
33. Rg5 f6 34. Rg7 Nd7 35. Ke3 Ra4 36. Bb2 Rc4 37. Kd2 e5 38. Bc3 b6 39. Bb4 a5
40. Be7 b5 41. Rh7 Rc6 42. Ke3 Re6 0-1

[Event "51st World Juniors"]
[Site "Athens GRE"]
[Date "2012.08.06"]
[Round "5.62"]
[White "Arat, Ufuk Sezen"]
[Black "Jones, William E G"]
[Result "0-1"]
[WhiteElo "2124"]
[BlackElo "2127"]
[WhiteFideId "6309089"]
[BlackFideId "470554"]
[EventDate "2012.08.02"]

1. c4 Nf6 2. g3 g6 3. Bg2 Bg7 4. Nc3 O-O 5. e4 c5 6. Nge2 Nc6 7. O-O a6 8. d3
Rb8 9. a4 d6 10. h3 Ne8 11. Be3 Nc7 12. d4 cxd4 13. Nxd4 Ne6 14. Nde2 Na5 15. b3
Bd7 16. Rb1 b5 17. cxb5 axb5 18. b4 Nc4 19. a5 Nxe3 20. fxe3 Nc7 21. Nd4 e6 22.
Qd3 Qg5 23. Rfd1 Rfd8 24. Nf3 Qe7 25. Ne2 Be8 26. Ned4 d5 27. exd5 e5 28. Nc6
Bxc6 29. d6 e4 30. dxe7 Rxd3 31. Rxd3 exd3 32. Rc1 Bxf3 33. Bxf3 Be5 34. Bc6 Bd6
35. a6 Bxe7 36. a7 Rd8 37. Bf3 Na8 38. Kf1 Bxb4 39. Bxa8 Rxa8 40. Rc7 Kg7 41. g4
Rd8 0-1

[Event "51st World Juniors"]
[Site "Athens GRE"]
[Date "2012.08.06"]
[Round "5.63"]
[White "Edwards, Jonathan"]
[Black "Panagos, Theodoros"]
[Result "1-0"]
[WhiteElo "2170"]
[BlackElo "1768"]
[WhiteFideId "2402912"]
[BlackFideId "4236955"]
[EventDate "2012.08.02"]

1. e4 c5 2. Nf3 d6 3. d4 cxd4 4. Nxd4 Nf6 5. Nc3 a6 6. Bg5 e6 7. f4 Be7 8. Qf3
Qc7 9. O-O-O Nbd7 10. g4 b5 11. Bxf6 Nxf6 12. g5 Nd7 13. f5 Nc5 14. f6 gxf6 15.
gxf6 Bf8 16. Rg1 Bb7 17. Bh3 b4 18. Nd5 exd5 19. exd5 Nd7 20. Bxd7+ Qxd7 21. Nc6
Bxc6 22. dxc6 Qc7 23. Qe4+ Kd8 24. Rde1 Kc8 25. Qe8+ Qd8 26. Qxf7 Bh6+ 27. Kb1
Rb8 28. Re7 Rb5 29. Ra7 1-0

[Event "51st World Juniors"]
[Site "Athens GRE"]
[Date "2012.08.06"]
[Round "5.64"]
[White "Cajahuanca Ramirez, Olindo"]
[Black "Davis, Ashley J"]
[Result "0-1"]
[WhiteElo "1856"]
[BlackElo "1929"]
[WhiteFideId "3811530"]
[BlackFideId "407798"]
[EventDate "2012.08.02"]

1. e4 c5 2. Nf3 Nc6 3. d4 cxd4 4. Nxd4 e6 5. Nc3 Qc7 6. g3 a6 7. Bg2 Nf6 8. O-O
Be7 9. Re1 O-O 10. e5 Nxe5 11. Bf4 d6 12. Bxe5 dxe5 13. Nf3 e4 14. Ng5 Bd7 15.
Ngxe4 Bc6 16. Qe2 Rad8 17. Rad1 Nxe4 18. Nxe4 Bb5 19. Rxd8 Bxe2 20. Rxf8+ Kxf8
21. Rxe2 Qc4 22. Nc3 Bf6 23. Re4 Qc7 24. Re3 b5 25. Be4 Bd4 26. Rf3 g6 27. Kg2
Qe5 28. Bb7 a5 29. Rd3 b4 30. Nd1 Bxb2 31. f4 Qe2+ 32. Nf2 Qxc2 33. Be4 Qc7 34.
Rb3 Bc3 35. Kf3 a4 36. Rb1 b3 37. axb3 a3 38. Rc1 a2 39. h4 a1=Q 40. Rc2 f5 41.
Bd3 Qc6+ 42. Be4 fxe4+ 43. Nxe4 Qh1+ 44. Rg2 Qxg2+ 45. Kg4 Qcxe4 46. b4 Qf5# 0-1

[Event "51st World Juniors"]
[Site "Athens GRE"]
[Date "2012.08.06"]
[Round "5.65"]
[White "Wu, Kevin"]
[Black "Tsiros, Fragkiskos Vlasios"]
[Result "1-0"]
[WhiteElo "1905"]
[BlackElo "1897"]
[WhiteFideId "2609720"]
[BlackFideId "4228200"]
[EventDate "2012.08.02"]

1. e4 c5 2. Na3 g6 3. c3 Bg7 4. g3 Nc6 5. Bg2 Nf6 6. Ne2 O-O 7. d4 cxd4 8. cxd4
d6 9. O-O Bd7 10. h3 Qb6 11. Rb1 Qa6 12. Be3 Rac8 13. Re1 Nb4 14. Qb3 Qa4 15.
Qxa4 Bxa4 16. Nc3 Bc2 17. Rbc1 Bd3 18. e5 dxe5 19. dxe5 Nd7 20. f4 Ba6 21. Nd5
Nxd5 22. Bxd5 e6 23. Bb3 Bh6 24. Rxc8 Rxc8 25. Bxa7 Bf8 26. Bf2 Bc5 27. Rd1
Bxf2+ 28. Kxf2 Nc5 29. Bc2 b5 30. b4 Na4 31. Bxa4 bxa4 32. b5 Bb7 33. Rd4 Ra8
34. Ke3 Bd5 35. Nc4 a3 36. Nb6 Rd8 37. Nxd5 exd5 38. Rd3 Rb8 39. Rxd5 Kf8 40.
Kd4 Ke7 41. Kc5 Rc8+ 42. Kb4 Rc2 43. Kb3 Re2 44. Kxa3 Re3+ 45. Kb4 Rxg3 46. b6
Rg1 47. Rd3 Rb1+ 48. Rb3 Rd1 49. b7 Rd8 50. Kc5 Rb8 51. Kc6 Ke6 52. Kc7 1-0

[Event "51st World Juniors"]
[Site "Athens GRE"]
[Date "2012.08.07"]
[Round "6.1"]
[White "Yu, Yangyi"]
[Black "Ter-Sahakyan, Samvel"]
[Result "1/2-1/2"]
[WhiteTitle "GM"]
[BlackTitle "GM"]
[WhiteElo "2635"]
[BlackElo "2567"]
[WhiteFideId "8603820"]
[BlackFideId "13302531"]
[EventDate "2012.08.02"]

1. e4 c5 2. Nf3 d6 3. d4 cxd4 4. Qxd4 Nc6 5. Bb5 Bd7 6. Bxc6 Bxc6 7. Nc3 Nf6 8.
Bg5 e6 9. Qd3 Be7 10. O-O-O O-O 11. Nd4 Rc8 12. f4 a6 13. Kb1 Qc7 14. h4 Rfd8
15. Rhf1 h6 16. Bxf6 Bxf6 17. g4 Qb6 18. g5 Bxd4 19. Qxd4 Qxd4 20. Rxd4 hxg5 21.
hxg5 e5 22. Rd3 exf4 23. Rxf4 Rd7 24. Rh3 Re8 25. Rfh4 Kf8 26. Rh8+ Ke7 27. R8h7
Kf8 28. Rh8+ Ke7 29. R8h7 Kf8 30. Rh8+ Ke7 31. R8h7 1/2-1/2

[Event "51st World Juniors"]
[Site "Athens GRE"]
[Date "2012.08.07"]
[Round "6.2"]
[White "Grandelius, Nils"]
[Black "Ipatov, Alexander"]
[Result "0-1"]
[WhiteTitle "GM"]
[BlackTitle "GM"]
[WhiteElo "2562"]
[BlackElo "2577"]
[WhiteFideId "1710400"]
[BlackFideId "14116731"]
[EventDate "2012.08.02"]

1. d4 Nf6 2. c4 e6 3. Nf3 Nc6 4. a3 d6 5. Nc3 g6 6. g3 Bg7 7. Bg2 O-O 8. O-O a6
9. d5 Na5 10. Nd2 Rb8 11. b4 Nxc4 12. Nxc4 Nxd5 13. Nxd5 Bxa1 14. Bh6 Bg7 15.
Bxg7 Kxg7 16. Qd4+ f6 17. Nc3 d5 18. Na5 c5 19. Qf4 Bd7 20. Rd1 b6 21. Nb3 c4
22. Nd2 e5 23. Qf3 d4 24. Nd5 Rc8 25. e4 c3 26. Nf1 Bb5 27. h4 f5 28. Rc1 Bc4
29. h5 b5 30. hxg6 hxg6 31. g4 Qg5 32. Qg3 Rfe8 33. gxf5 Qxg3 34. f6+ Kf8 35.
fxg3 Bxd5 36. exd5 e4 37. d6 Rcd8 38. g4 e3 39. g5 e2 40. Kf2 d3 41. Ne3 Rxe3
42. Rh1 e1=Q+ 0-1

[Event "51st World Juniors"]
[Site "Athens GRE"]
[Date "2012.08.07"]
[Round "6.3"]
[White "Salem, A.R. Saleh"]
[Black "Ding, Liren"]
[Result "1/2-1/2"]
[WhiteTitle "GM"]
[BlackTitle "GM"]
[WhiteElo "2546"]
[BlackElo "2695"]
[WhiteFideId "9301348"]
[BlackFideId "8603677"]
[EventDate "2012.08.02"]

1. d4 Nf6 2. c4 g6 3. Nf3 Bg7 4. g3 O-O 5. Bg2 d6 6. O-O c6 7. Nc3 Bf5 8. Nh4
Be6 9. d5 cxd5 10. cxd5 Bd7 11. Be3 Ng4 12. Bd4 Bxd4 13. Qxd4 Qb6 14. Qd2 Na6
15. h3 Nf6 16. e4 Nc5 17. Rae1 Rac8 18. e5 dxe5 19. Rxe5 e6 20. Rfe1 Rfd8 21.
R1e2 exd5 22. Rxd5 Be6 23. Rxd8+ Rxd8 24. Qg5 Kg7 25. Rd2 Rd3 26. Nf3 Rxc3 27.
bxc3 Nce4 28. Qe5 Nxd2 29. Nxd2 Bxa2 30. c4 Qe6 31. Qd4 a5 32. Bxb7 a4 33. Bd5
Qe7 34. Qb2 Bb3 35. Ne4 Bd1 36. Qc3 h5 37. c5 Bb3 38. Bxb3 Qxe4 39. Bc2 Qc6 40.
h4 a3 41. Qxa3 Nd7 42. Qa1+ Kg8 43. Ba4 Qa6 44. c6 Nc5 45. c7 Nxa4 46. Qxa4 1/2-1/2

[Event "51st World Juniors"]
[Site "Athens GRE"]
[Date "2012.08.07"]
[Round "6.4"]
[White "Grigoryan, Karen H."]
[Black "Zherebukh, Yaroslav"]
[Result "1-0"]
[WhiteTitle "IM"]
[BlackTitle "GM"]
[WhiteElo "2529"]
[BlackElo "2629"]
[WhiteFideId "13301004"]
[BlackFideId "14116804"]
[EventDate "2012.08.02"]

1. d4 Nf6 2. c4 g6 3. Nc3 Bg7 4. e4 d6 5. Be2 O-O 6. Bg5 a6 7. Qd2 c5 8. Nf3
cxd4 9. Nxd4 Nc6 10. Nc2 Nd7 11. Ne3 Nc5 12. Ned5 Ne6 13. Bh4 Ned4 14. O-O f5
15. f4 fxe4 16. Nxe4 b5 17. Rae1 Kh8 18. Ng3 Qd7 19. Kh1 Rb8 20. Ne4 bxc4 21.
Bxc4 e6 22. Ndf6 Qc7 23. Nxh7 Kxh7 24. Ng5+ Kh8 25. Qd3 Rf6 26. Qh3 Kg8 27. Nxe6
Rxe6 28. Rxe6 Nxe6 29. Bxe6+ Kf8 30. f5 Bxe6 31. fxg6+ Kg8 32. Qxe6+ Kh8 33. Qf5
Rb5 34. Qh3 Rh5 35. Qg4 Rh6 36. Qe6 Qb8 37. Bg5 Nd4 38. Qf7 Rh5 39. Bf6 1-0

[Event "51st World Juniors"]
[Site "Athens GRE"]
[Date "2012.08.07"]
[Round "6.5"]
[White "Rapport, Richard"]
[Black "Cori, Jorge"]
[Result "1-0"]
[WhiteTitle "GM"]
[BlackTitle "GM"]
[WhiteElo "2605"]
[BlackElo "2487"]
[WhiteFideId "738590"]
[BlackFideId "3802272"]
[EventDate "2012.08.02"]

1. d4 d5 2. c4 c6 3. cxd5 cxd5 4. Bf4 Nc6 5. e3 Nf6 6. Nc3 a6 7. Bd3 e6 8. Nf3
Be7 9. Ne5 Nxe5 10. dxe5 Nd7 11. O-O b5 12. Ne2 Nc5 13. Bc2 Bb7 14. Nd4 h5 15.
h3 Rc8 16. Bh2 b4 17. Rc1 g6 18. Bf4 Qd7 19. Qf3 Ne4 20. Rcd1 Kf8 21. Bxe4 dxe4
22. Qg3 Bd5 23. h4 Kg7 24. Bg5 Bxg5 25. Qxg5 Qd8 26. Qf4 Qe7 27. Rd2 Rc5 28. Kh2
Rhc8 29. f3 Rc1 30. Rxc1 Rxc1 31. fxe4 Bxa2 32. Nf3 a5 33. Ng5 Rc7 34. g4 hxg4
35. Qxg4 f6 36. exf6+ Qxf6 37. Qg3 e5 38. Rf2 Qe7 39. h5 Kh6 40. Nf3 gxh5 41.
Nxe5 Qg7 42. Qf4+ Qg5 43. Ng4+ hxg4 44. Qxc7 1-0

[Event "51st World Juniors"]
[Site "Athens GRE"]
[Date "2012.08.07"]
[Round "6.6"]
[White "Heimann, Andreas"]
[Black "Shimanov, Aleksandr"]
[Result "0-1"]
[WhiteTitle "IM"]
[BlackTitle "GM"]
[WhiteElo "2493"]
[BlackElo "2596"]
[WhiteFideId "24624632"]
[BlackFideId "4198603"]
[EventDate "2012.08.02"]

1. e4 c6 2. Nc3 d5 3. Nf3 Nf6 4. e5 Ne4 5. d4 Nxc3 6. bxc3 e6 7. Bd3 h6 8. O-O
c5 9. a4 Nc6 10. Ba3 b6 11. Qd2 Bd7 12. Qe3 Rc8 13. Nd2 cxd4 14. cxd4 Nb4 15.
Rfc1 Be7 16. c3 Nxd3 17. Qxd3 Bxa3 18. Rxa3 O-O 19. f4 a5 20. Nf1 Rc4 21. Rca1
Qe7 22. Ne3 Rc7 23. Qd2 Rfc8 24. Qb2 Qh4 25. g3 Qh5 26. Rc1 Rb7 27. Qf2 b5 28.
axb5 Rxb5 29. Kg2 Rcb8 30. Ra2 a4 31. g4 Qg6 32. Qc2 Qxc2+ 33. Rcxc2 Rb3 34. Kf2
Bb5 35. Rcb2 Bd3 36. Rxb3 axb3 37. Rb2 Bc4 38. Ke1 Ra8 39. Kd2 Ra1 40. Nd1 h5
41. h3 h4 42. Ke1 Kf8 43. Rd2 Ke7 44. Kf2 Rc1 0-1

[Event "51st World Juniors"]
[Site "Athens GRE"]
[Date "2012.08.07"]
[Round "6.7"]
[White "Van Kampen, Robin"]
[Black "Debashis, Das"]
[Result "0-1"]
[WhiteTitle "GM"]
[BlackTitle "IM"]
[WhiteElo "2565"]
[BlackElo "2446"]
[WhiteFideId "1020854"]
[BlackFideId "5024854"]
[EventDate "2012.08.02"]

1. e4 c5 2. Nf3 d6 3. d4 cxd4 4. Nxd4 Nf6 5. Nc3 a6 6. h3 e6 7. g4 Be7 8. g5
Nfd7 9. h4 b5 10. a3 Qc7 11. Be3 Nc6 12. Nxc6 Qxc6 13. Qd4 Ne5 14. O-O-O Qc5 15.
Qd2 Qc7 16. f4 Nc6 17. Kb1 Bd7 18. h5 Rb8 19. Be2 b4 20. axb4 Rxb4 21. g6 O-O
22. Na2 Rxe4 23. Bd3 Rxe3 24. Qxe3 Rb8 25. gxf7+ Kxf7 26. Bxh7 Na5 27. Bd3 Bf6
28. c3 Ba4 29. Rd2 Nb3 30. Re2 Nc5 31. Rhe1 Bb3 32. Nc1 Bd5 33. Bc2 Qa5 34. Rd1
Rxb2+ 35. Kxb2 Qb4+ 36. Bb3 Bxc3+ 37. Kb1 Bxb3 38. Rdd2 Bd5+ 39. Rb2 Bxb2 40.
Rxb2 Qa4 41. Rb8 Be4+ 42. Kb2 Qc2+ 43. Ka1 a5 44. Rb2 Qc4 45. Qd2 Bd5 46. Qc2
Qxc2 47. Rxc2 Kf6 48. Rh2 Kf5 49. Ne2 Bf3 50. Nd4+ Ke4 51. Nxf3 Kxf3 52. Rh1 Nd3
53. Rd1 Ke4 54. Kb1 d5 55. f5 exf5 56. Rg1 f4 57. Rxg7 f3 58. Rf7 Nf4 59. Re7+
Kf5 60. Rf7+ Kg4 61. Rg7+ Kxh5 62. Rg3 f2 63. Rf3 Nd3 64. Rf8 Kg4 65. Kc2 Nf4 0-1

[Event "51st World Juniors"]
[Site "Athens GRE"]
[Date "2012.08.07"]
[Round "6.8"]
[White "Grover, Sahaj"]
[Black "Bluebaum, Matthias"]
[Result "1/2-1/2"]
[WhiteTitle "IM"]
[BlackTitle "IM"]
[WhiteElo "2516"]
[BlackElo "2424"]
[WhiteFideId "5021103"]
[BlackFideId "24651516"]
[EventDate "2012.08.02"]

1. d4 d5 2. c4 c6 3. Nf3 Nf6 4. Nc3 dxc4 5. a4 Bf5 6. Ne5 Nbd7 7. Nxc4 Qc7 8. g3
e5 9. dxe5 Nxe5 10. Bf4 Nfd7 11. Bg2 g5 12. Ne3 gxf4 13. Nxf5 O-O-O 14. Qc2 Kb8
15. O-O-O Ng4 16. Ne4 Qe5 17. h3 Nh6 18. Nxh6 Bxh6 19. gxf4 Qxf4+ 20. e3 Qf5 21.
Nd6 Qe6 22. Nf5 Bg5 23. Kb1 Be7 24. Nd4 Qf6 25. Bxc6 Rc8 26. Qf5 Nb6 27. Bb5 a6
28. a5 Nc4 29. Bxc4 Rxc4 30. Rc1 Rb4 31. Qc2 Qe5 32. Nb3 Qe6 33. Qc7+ Ka8 34.
Nd4 Qe4+ 35. Qc2 Qe5 36. Rhd1 Qxa5 37. Qc7 Qxc7 38. Rxc7 Re8 39. Rd2 Kb8 40. Rd7
Rb6 41. Nf5 Bb4 42. Rc2 Rf6 43. Nd4 Bd6 44. Nb3 Re7 45. Rd8+ Ka7 46. Nc1 Rh6 47.
Ne2 Bc7 48. Rc8 Be5 49. f4 Bf6 50. Nc3 Bxc3 51. R2xc3 Rxh3 52. Rh8 Rh2 53. Rc2
Rh1+ 54. Rc1 Rh3 55. Rc3 Kb6 56. Rb3+ Kc7 57. Rd3 Rh2 58. Ka2 h5 59. Rh7 h4 60.
f5 Rf2 61. Rxh4 Rxf5 62. Rc4+ Kb6 63. Rb3+ Ka7 64. Rh4 Ra5+ 65. Kb1 Rae5 66. Rf4
b5 67. Rd3 R5e6 68. e4 Kb6 69. Rdf3 a5 70. Rxf7 Rxf7 71. Rxf7 Rxe4 72. Ka2 Kc5
73. Rf5+ Kb4 74. Rf2 a4 75. Rd2 Ka5 76. Rf2 1/2-1/2

[Event "51st World Juniors"]
[Site "Athens GRE"]
[Date "2012.08.07"]
[Round "6.9"]
[White "Zhou, Yang-Fan"]
[Black "Holt, Conrad"]
[Result "1/2-1/2"]
[WhiteTitle "IM"]
[BlackTitle "IM"]
[WhiteElo "2430"]
[BlackElo "2498"]
[WhiteFideId "468584"]
[BlackFideId "2034387"]
[EventDate "2012.08.02"]

1. e4 e6 2. d4 d5 3. Nd2 Be7 4. Ngf3 Nf6 5. e5 Nfd7 6. Bd3 c5 7. c3 Nc6 8. O-O
a5 9. a4 O-O 10. Bb5 f5 11. b3 cxd4 12. cxd4 Ndb8 13. Nb1 Na6 14. Nc3 Bd7 15.
Ba3 Nab4 16. Ne2 g5 17. Ne1 f4 18. Nc1 Be8 19. Bxb4 Bxb4 20. Bxc6 bxc6 21. Qg4
h5 22. Qxe6+ Kg7 23. Qh3 Bg6 24. Qf3 g4 25. Qd1 f3 26. Ncd3 fxg2 27. Nxg2 Rf3
28. Ndf4 Qe8 29. Rc1 Be4 30. Re1 Bxe1 31. Qxe1 Qf7 32. Rxc6 Rxf4 33. Nxf4 Qxf4
34. Rf6 Qg5 35. Qc3 Kh8 36. Qc6 Rg8 37. Kf1 Kh7 38. Ke2 Bf3+ 39. Kd3 Be4+ 40.
Ke2 Bf3+ 41. Kd3 h4 42. Rf7+ Kh8 43. Qe6 Be4+ 44. Ke2 Bg6 45. Qf6+ Qxf6 46. Rxf6
Kg7 47. Ra6 Rb8 48. Rxa5 Rxb3 49. Rxd5 Rh3 50. Rd7+ Kh6 51. e6 Rxh2 52. e7 Be8
53. Rd8 Bxa4 54. Ke3 Rh1 55. Kf4 Re1 56. Kxg4 Re4+ 57. f4 Kg6 58. d5 Rxe7 59.
Kxh4 Bd7 60. Kg3 Kf6 61. Rf8+ Kg7 62. Rd8 Bf5 63. Kf3 Ra7 64. Ke3 Ra4 65. Re8
Kf7 66. Re5 Kf6 67. Re8 Bd7 68. Re4 Ra1 69. Kd4 Bf5 70. Re8 Ra4+ 71. Ke3 Rb4 72.
Rf8+ Kg6 73. Re8 Kf7 74. Re5 Bh7 75. d6 Rb3+ 76. Kd4 Kf6 77. Kc5 Bf5 78. Kc6
Rc3+ 79. Rc5 Rd3 80. Kc7 Be6 81. f5 Bxf5 82. Rxf5+ Kxf5 83. d7 Rxd7+ 84. Kxd7 1/2-1/2

[Event "51st World Juniors"]
[Site "Athens GRE"]
[Date "2012.08.07"]
[Round "6.10"]
[White "Oparin, Grigoriy"]
[Black "Griffiths, Ryan Rhys"]
[Result "1-0"]
[WhiteTitle "IM"]
[BlackTitle "FM"]
[WhiteElo "2488"]
[BlackElo "2362"]
[WhiteFideId "24125890"]
[BlackFideId "2502054"]
[EventDate "2012.08.02"]

1. e4 c5 2. Nf3 d6 3. d4 cxd4 4. Nxd4 Nf6 5. Nc3 a6 6. Be3 e6 7. Be2 Be7 8. O-O
O-O 9. f4 Nc6 10. Kh1 Bd7 11. Qe1 b5 12. a3 Qb8 13. Nb3 b4 14. axb4 Nxb4 15. Qd2
Rc8 16. Bf3 e5 17. Rfc1 Be6 18. Na5 Rd8 19. Nd5 Bxd5 20. exd5 e4 21. Be2 Nbxd5
22. Nc6 Qb7 23. Nxd8 Bxd8 24. Bd4 e3 25. Qd3 Nxf4 26. Bf3 Qxf3 27. gxf3 Nxd3 28.
cxd3 Nd5 29. Rc6 Nb4 30. Rxd6 Be7 31. Rd7 Bh4 32. Bxe3 Bf6 33. Ra4 Nc6 34. Rd6
Rc8 35. Rc4 1-0

[Event "51st World Juniors"]
[Site "Athens GRE"]
[Date "2012.08.07"]
[Round "6.11"]
[White "Wei, Yi"]
[Black "Shyam, Sundar M."]
[Result "1-0"]
[WhiteTitle "FM"]
[BlackTitle "IM"]
[WhiteElo "2418"]
[BlackElo "2486"]
[WhiteFideId "8603405"]
[BlackFideId "5019141"]
[EventDate "2012.08.02"]

1. e4 c5 2. Nf3 d6 3. d4 cxd4 4. Nxd4 Nf6 5. Nc3 a6 6. Be3 e5 7. Nb3 Be6 8. Qd2
Be7 9. f3 O-O 10. O-O-O a5 11. Bb5 Na6 12. Kb1 Nc7 13. Bb6 Qc8 14. Bxc7 Qxc7 15.
g4 Rfd8 16. Qe2 Rdc8 17. a4 Qb6 18. Rhf1 Ne8 19. Bxe8 Rxe8 20. Qb5 Qc6 21. Nd5
Bd8 22. Rd3 Rc8 23. c4 Qxb5 24. cxb5 Rc4 25. Nc3 Rb4 26. Na1 Bc4 27. Rdd1 Bxf1
28. Rxf1 Rc4 29. Rd1 Rd4 30. Kc2 Rxd1 31. Kxd1 Re6 32. h4 Bxh4 33. Nd5 Bd8 34.
b6 Rh6 35. Nb3 Rh1+ 36. Kc2 g6 37. g5 Rh2+ 38. Kb1 Rh1+ 39. Ka2 Bxg5 40. Nxa5
Bd8 41. Nxb7 Bxb6 42. Nxb6 h5 43. a5 h4 44. a6 h3 45. a7 h2 46. a8=Q+ Kg7 47.
Nd7 1-0

[Event "51st World Juniors"]
[Site "Athens GRE"]
[Date "2012.08.07"]
[Round "6.12"]
[White "Ghosh, Diptayan"]
[Black "Pavlidis, Antonios"]
[Result "0-1"]
[WhiteTitle "FM"]
[BlackTitle "IM"]
[WhiteElo "2417"]
[BlackElo "2466"]
[WhiteFideId "5045207"]
[BlackFideId "4212312"]
[EventDate "2012.08.02"]

1. c4 Nf6 2. g3 c6 3. Bg2 d5 4. Nf3 Bf5 5. cxd5 cxd5 6. Qb3 Qb6 7. Nc3 e6 8. d3
Nc6 9. O-O Qxb3 10. axb3 Be7 11. Be3 Ng4 12. Bf4 Bg6 13. Rfc1 O-O 14. h3 Nf6 15.
Nb5 a6 16. Nd6 Bxd6 17. Bxd6 Rfd8 18. Bf4 Nd7 19. Be3 Rac8 20. Nd4 Ndb8 21. f4
Nxd4 22. Bxd4 f6 23. Rc3 Nc6 24. Bb6 Re8 25. Rac1 Bf7 26. Rc5 e5 27. Kf2 e4 28.
dxe4 dxe4 29. R1c3 Re7 30. Re3 Rce8 31. Rc1 f5 32. g4 Be6 33. gxf5 Bxf5 34. Rd1
Rf7 35. Kg3 Re6 36. Bc5 Rg6+ 37. Kh2 Re6 38. Kg3 h6 39. Rd5 Bh7 40. Rd6 Rxd6 41.
Bxd6 Nd4 42. Be5 Nf5+ 43. Kf2 Nxe3 44. Kxe3 g5 45. fxg5 hxg5 46. Bxe4 Bxe4 47.
Kxe4 Rh7 48. Kf5 Rxh3 49. Kxg5 Re3 50. Kf6 Rxe2 51. Ke6 Re3 52. b4 Re4 53. b5
axb5 54. Kd5 Rc4 0-1

[Event "51st World Juniors"]
[Site "Athens GRE"]
[Date "2012.08.07"]
[Round "6.13"]
[White "Soors, Stef"]
[Black "Antipov, Mikhail Al."]
[Result "0-1"]
[WhiteTitle "FM"]
[BlackTitle "IM"]
[WhiteElo "2364"]
[BlackElo "2462"]
[WhiteFideId "209511"]
[BlackFideId "4107012"]
[EventDate "2012.08.02"]

1. e4 c5 2. c3 Nf6 3. e5 Nd5 4. d4 cxd4 5. Nf3 d6 6. Qxd4 e6 7. Nbd2 Nc6 8. Bb5
Bd7 9. Bxc6 Bxc6 10. Nc4 f6 11. Nxd6+ Bxd6 12. exd6 e5 13. Qd3 Qxd6 14. O-O Qe6
15. Re1 Ne7 16. Qe2 Qf7 17. Nd2 O-O 18. Nc4 b6 19. f4 Ng6 20. f5 Ne7 21. Nd6 Qd5
22. Rd1 Qa5 23. a4 e4 24. Bf4 Qc5+ 25. Kh1 Bd5 26. c4 Bc6 27. Qd2 a5 28. Be3 Qe5
29. b4 axb4 30. Qxb4 Nxf5 31. Nxf5 Qxf5 32. Qxb6 Bxa4 33. Rd5 Qc8 34. Rc5 Qe8
35. Rc7 Rf7 36. Rxf7 Kxf7 37. Qb7+ Kg6 38. h3 h5 39. Qc7 Rc8 40. Qg3+ Kh7 41. c5
Rd8 42. Rb1 Rd3 43. Rb7 Qg6 44. Qf2 Bd7 45. Rb1 Qf5 46. Qe2 Qd5 47. Re1 Kg6 48.
Qf2 Qe5 49. Kg1 Bc6 50. Bf4 Qf5 51. Rc1 Kf7 52. h4 Qg4 53. Be3 Kg6 54. Ra1 Bd5
55. Rc1 Bc6 56. Ra1 Rd5 57. Kh2 Rd3 58. Kg1 Kh7 59. Ra7 Bb5 60. Kh2 Kg6 61. Ra1
Rb3 62. Re1 Bc6 63. Kg1 Ra3 64. Rc1 Bd5 65. Kh2 Ra2 66. Qg3 Qxg3+ 67. Kxg3 Re2
68. Rc3 Bc6 69. Bf2 Kf5 70. Re3 Rc2 71. Re1 e3 72. Rxe3 g5 73. hxg5 fxg5 74. Be1
Rxg2+ 75. Kh3 Rc2 76. Re7 Rxc5 77. Rf7+ Kg6 78. Rf2 h4 79. Rd2 Rc3+ 80. Kh2 Rc1
81. Re2 Kf5 82. Kg1 Bf3 83. Re8 Kg4 84. Kf1 h3 85. Rh8 Rc2 86. Bf2 Be2+ 87. Ke1
Bb5 88. Bd4 h2 89. Kd1 Rg2 0-1